| 000 | 00858nam a2200325 a 4500 | ||
|---|---|---|---|
| 003 | AR-BaBNM | ||
| 005 | 20251128210153.0 | ||
| 008 | 082120s2002 ||||||||||||||000 | spa|| | ||
| 020 | _a84-316-2440-x | ||
| 040 | _cAR-BaBNM | ||
| 100 | 1 | _aLadero Quesada, Miguel Angel | |
| 245 | 0 | 0 |
_aHistoria universal _bedad media. 2 |
| 260 |
_aBarcelona _bVicens Vives _c1997 |
||
| 300 | _a1004 p. | ||
| 504 | _aAl final de cada capítulo se encuentra documentación y bibliografía para consultar | ||
| 650 | 4 | _aEDAD MEDIA | |
| 650 | 4 | _aCRISTIANISMO | |
| 650 | 4 | _aFEUDALISMO | |
| 650 | 4 | _aHISTORIA POLITICA | |
| 650 | 4 | _aHISTORIA ECONOMICA | |
| 650 | 4 | _aHISTORIA SOCIAL | |
| 650 | 4 | _aISLAM | |
| 650 | 4 | _aMONARQUIA | |
| 650 | 4 | _aMUSULMANES | |
| 650 | 4 | _aUNIVERSIDADES | |
| 651 | 4 | _aRoma | |
| 651 | 4 | _aBizancio | |
| 942 | _cBK | ||
| 998 | _cMariana | ||
| 999 |
_c14357 _d14357 |
||